Statistiken für Regionalliga West Top 4

Klicken Sie hier um das Quiz zu spielen!

Allgemein

  • Dieses Quiz wurde 145 mal gespielt
  • Das Durchschnittsergebnis liegt bei 11 aus 14

Antwortstatistiken

Antwort% Korrekt
Borussia Dortmund II
92%
Alemannia Aachen
91%
SC Preußen Münster
91%
Rot-Weiss Essen
90%
Rot-Weiß Oberhausen
85%
Borussia M'gladbach II
81%
Wuppertaler SV Borussia
78%
FC Schalke 04 II
74%
SC Fortuna Köln
73%
FC Viktoria Köln
69%
SC Verl
61%
SV Rödinghausen
59%
KFC Uerdingen 05
56%
Sportfreunde Lotte
54%

Verteilung der Resultate

Perzentil nach korrekt beantworteten Fragen

Anzahl Personen mit jedem Resultat

Ihre Resultats-Entwicklung

Sie haben dieses Quiz noch nicht gespielt